[Event "Tata Steel Top Tienkamp"]
[Site "Wijk aan Zee NED"]
[Date "2024.01.19"]
[Round "1.4"]
[White "Holzke, Frank"]
[Black "Abdulla, Murad"]
[Result "1-0"]
[WhiteTitle "GM"]
[BlackTitle "FM"]
[WhiteElo "2460"]
[BlackElo "2332"]
[WhiteFideId "4600428"]
[BlackFideId "2403757"]
[EventDate "2024.01.19"]

1. e4 c5 2. Nf3 d6 3. Bb5+ Nd7 4. O-O Nf6 5. Re1 a6 6. Bf1 e5 7. c3 Be7 8. d4
O-O 9. a4 Qc7 10. Nbd2 Rb8 11. a5 cxd4 12. cxd4 exd4 13. Nxd4 Re8 14. Nc4 Bf8
15. Bf4 Ne5 16. Nb6 Ng6 17. Bg5 Be7 18. Rc1 Qd8 19. Bc4 h6 20. Bd2 Ne5 21. Ba2
Bg4 22. Qb3 Bh5 23. Qg3 Kh8 24. Bb4 Bg6 25. Bb1 Bf8 26. Rcd1 Ned7 27. Nc4 Nxe4
28. Bxe4 Rxe4 29. Rxe4 Bxe4 30. Bxd6 Bxd6 31. Nxd6 Bg6 32. Ne6 Qf6 33. Nf4 Kh7
34. h4 Ne5 35. Rd5 Nc6 36. h5 Bb1 37. Ne2 Rd8 38. Nc3 Bc2 39. Nxb7 Rxd5 40. Nxd5
Qxb2 41. Qc3 Qb1+ 42. Kh2 Qxb7 43. Qxc2+ Kh8 44. Qc5 Qd7 45. f4 Kh7 46. Kg3 Qe6
47. Kf2 Nb8 48. Ne7 Qa2+ 49. Kg3 Qb3+ 50. Kh2 Qe6 51. Qc2+ g6 52. hxg6+ fxg6 53.
Nxg6 Qc6 54. Nf8+ Kg7 55. Qb2+ Qf6 56. Qb7+ Kg8 57. Ng6 Qxg6 58. Qxb8+ Kh7 59.
Qc7+ Kg8 60. Qb6 Qh5+ 61. Kg3 Qh1 62. Qe6+ Kg7 63. f5 Qf1 64. Qg6+ Kf8 65. Qxh6+
Kf7 66. Qe6+ Kf8 67. Qd5 Qe1+ 68. Kf3 Qf1+ 69. Kg4 Qe2+ 70. Kf4 Qf2+ 71. Ke5
Qb2+ 72. Kd6 Qb8+ 73. Kd7 Qe8+ 74. Kc7 Qe7+ 75. Kb6 Qe2 76. Ka7 Kg7 77. Qb7+ Kf8
78. f6 Qf2+ 79. Qb6 Qxg2 80. Qd8+ 1-0

[Event "Tata Steel Top Tienkamp"]
[Site "Wijk aan Zee NED"]
[Date "2024.01.20"]
[Round "2.3"]
[White "Baselmans, Luuk"]
[Black "Zwirs, Nico"]
[Result "0-1"]
[WhiteTitle "FM"]
[BlackTitle "IM"]
[WhiteElo "2323"]
[BlackElo "2476"]
[WhiteFideId "1051008"]
[BlackFideId "1036432"]
[EventDate "2024.01.19"]

1. e4 c5 2. Nf3 d6 3. Bb5+ Nd7 4. c4 Nf6 5. Nc3 g6 6. d3 Bg7 7. h3 O-O 8. Ba4
Nb6 9. Bb3 e5 10. Nd2 Nh5 11. Ne2 f5 12. exf5 gxf5 13. O-O Qe8 14. Re1 Qg6 15.
f4 Bd7 16. Nf3 Bc6 17. Nc3 Qg3 18. Nd5 Bxd5 19. cxd5 Nxf4 20. Bxf4 Qxf4 21. Qd2
Bh6 22. Qxf4 Bxf4 23. Re2 Rae8 24. Rf1 Re7 25. Kh1 Rg7 26. Nh4 Rg5 27. a3 a5 28.
Ba2 Rg3 29. Rf3 Rxf3 30. Nxf3 h5 31. Nh4 Bg5 32. Nf3 Bf4 33. Nh4 Bg5 34. Nf3 Bc1
35. Re1 Bf4 36. Re2 Kg7 37. Nh4 Bg5 38. Nf3 Bf4 39. Nh4 Bg5 40. Nf3 Kg6 41. Kg1
Rc8 42. Kf2 Kf6 43. h4 Bh6 44. Bb3 a4 45. Bc4 Nxc4 46. dxc4 Ra8 47. g3 Ra6 48.
Rc2 Rb6 49. Ng1 Rb3 50. Ne2 Be3+ 51. Kg2 Bd4 0-1